000 00655nam a2200277Ia 4500
005 20260324124629.0
008 008 260324s9999 xx 000 0 eng d
020 _a9781003548058
037 _aEBOOK
040 _aCRL
040 _beng
040 _cCRL
041 _2eng
041 _aeng
084 _qCRL
100 _aLeigh Yetter
_91174904
245 0 _aPublic Execution in England, 1573-1868, Part I Vol 4
260 _bTaylor and Francis
260 _c2010
365 _a
365 _b65.99
856 _uhttp://www.taylorfrancis.com/books/9781003548058
942 _cEBOOK
999 _c1769438
_d1769438